00330nam a22001217a 4500100002100000245002000021250000900041260001500050300000800065942001200073999001700085952010600102 aNurberg, Maxwell aAll About Words a2000 bGoyal Pub. a416 2ddccBK c11696d11696 00102ddc4070aMIETPSMbMIETPSMd2015-01-15eGiftedg75.00l0pM02423r2024-09-27w2024-09-27yBKk